LEADER 01495nam a2200289 u 4500 001 000000063413 003 CaOOAMICUS 005 20070226121236.0 008 011025s1981 it u000 u ita u 020 $a8801139160 035 $a10907820 040 $aPUL(R)$bita 111 2 $aSessione di formazione ecumenica$n(17 :$d1980 :$cLa Mendola).$0(OLS)http://pul/name/43015 245 10$aMorte e risurrezione in prospettiva del Regno :$batti della XVII Sessione di formazione ecumenica organizzata dal Segretariato attività ecumeniche (SAE), La Mendola (Trento), 26 luglio-3 agosto 1980. 260 $aLeumann :$bElle Di Ci,$c1981. 300 $a403 p. ;$c21 cm 504 $aBibliografia in nota. 650 4$aTeologia$xCongressi.$0(OLS)http://pul/subject/7855 650 4$aMorte$xAspetti religiosi.$0(OLS)http://pul/subject/4358 710 2 $aSegretariato attività ecumeniche.$0(OLS)http://pul/name/19871 850 $aPUL 852 $aPUL$W1$xSL Religione 1$y3$m68 F 100$j82274$nBK-PRI$b $qStampati$B82274$CPULBib$Z2$F82274 $H $81 941 1 $a8 961 $aINV: 67032 996 $6020$a8801139160$9(OLS)http://pul/number/82285 996 $6245$aMorte e risurrezione in prospettiva del Regno :$batti della XVII Sessione di formazione ecumenica organizzata dal Segretariato attività ecumeniche (SAE), La Mendola (Trento), 26 luglio-3 agosto 1980$9(OLS)http://pul/title/84558 996 $6260$aLeumann :$bElle Di Ci$9(OLS)http://pul/publisher/58080 LEADER 01397nam a2200337 a 4500 001 000000150614 003 CaOOAMICUS 005 20160318115353.0 008 160318s2016 it u000 u ita r 020 $a978-88-10-22178-5* 032 $aLibriCat 040 $aPUL$bita 041 1 $aita$hfre 082 04$a220 100 1 $aPrigent, Pierre.$0(OLS)http://pul/name/8920 240 10$aDes paroles de Jésus à la Bible.$lItaliano.$0(OLS)http://pul/title/189771 245 10$aDalle parole di Gesù alla Bibbia :$bgli anni decisivi del cristianesimo (100-250) /$cPierre Prigent. 260 $aBologna :$bEDB,$c©2016. 300 $a207 p. ;$c21 cm. 490 1 $aCollana biblica 504 $aBibliografia in nota. 650 4$aCristianesimo$xStoria.$0(OLS)http://pul/subject/269 830 0$aCollana biblica (Edizioni Dehoniane).$0(OLS)http://pul/title/43126 850 $aPUL 852 $aPUL$W1$xSL Religione 3$y85$m220 COLL 6.38$j173120$qDDC 21$B175168$CPULBib$Z2$F175168 $H127508 $81 941 1 $a9 996 $6020$a978-88-10-22178-5*$9(OLS)http://pul/number/160104 996 $6082$a220$9(OLS)http://pul/classification/523 996 $6245$aDalle parole di Gesù alla Bibbia :$bgli anni decisivi del cristianesimo (100-250)$9(OLS)http://pul/title/189772 996 $6260$aBologna :$bEDB$9(OLS)http://pul/publisher/56073